000 00638nam a2200193Ia 4500
003 GCL
008 140319s9999 xx 000 0 ara d
020 _a221291977
040 _aGCL /
_cGCL
082 0 4 _a813.009
_bم ر
100 1 _aممدوح القديرى
245 1 0 _aرواية فى زمن الغضب /
_cممدوح القديرى
250 _aالاولى
260 _aالقاهرة :
_bمركز الحضارة العربية للاعلام والنشر ،
_c2000
300 _a168 ص ؛
_c20 سم
650 0 4 _aالاسلوب الادبى
650 0 4 _aالقصص العربية - تاريخ ونقد
942 _2ddc
_cBK
999 _c4651
_d4651